|
|
|
|
| LEADER |
00000nab a2200000 a 4500 |
| 001 |
vtls000510614 |
| 003 |
SK-MaSNL |
| 005 |
20260303211012.0 |
| 008 |
140422c1994 xo 0 slo |
| 015 |
|
|
|a SNBRB19rr/mm-uuuuu
|
| 035 |
|
|
|a CL0510752
|
| 040 |
|
|
|a SNKBUCL
|b slo
|c SNKBUCL
|e AACR2
|
| 041 |
0 |
|
|a slo
|
| 044 |
|
|
|a xo
|c SK
|
| 080 |
|
|
|a 792.5
|2 1981
|
| 100 |
1 |
|
|a Dlouhý, Oleg,
|d 1951-2014
|4 aut
|9 103456
|
| 245 |
1 |
0 |
|a Opera pre deti
|c Oleg Dlouhý
|
| 300 |
|
|
|b Fotogr. 1
|
| 500 |
|
|
|a Aut. libreta A. Braxatorisová a B. Kriška
|
| 600 |
1 |
7 |
|a Frešo, Tibor,
|d 1918-1987
|t Martin a slnko
|2 snkbucl
|9 97678
|
| 610 |
2 |
7 |
|a Štátna opera Banská Bystrica
|2 snkbucl
|9 32008
|
| 655 |
|
7 |
|a recenzie
|2 snkbucl
|9 21907
|
| 655 |
|
7 |
|a články z novín a časopisov
|2 snkbucl
|9 267496
|
| 773 |
0 |
|
|t Literárny týždenník
|g Roč. 7, č. 5 (1994), s. 15
|
| 850 |
|
|
|a Slovenská národná knižnica v Martine
|a MTA001
|
| 852 |
|
|
|a SNK
|b KIS3GCP
|
| 999 |
|
|
|c 2202613
|d 2204543
|